000 01042nam a2200289 i 4500
001 bg
003 BPK
005 20191220100345.0
008 000919s2000 pl a f f |000 0 pol
015 _aPB 2000/17422
020 _a8388283170
040 _aWA N
_cBPK
041 0 _apol
080 _a339.138
080 _a(075.8)
100 1 _aMichalski, Eugeniusz
_d(1939- )
_eAutor
245 1 0 _aMarketing :
_bkoncepcje, strategie, decyzje.
_nT. 1 /
_cEugeniusz Michalski ; Politechnika Koszalińska.
260 _aKoszalin :
_bWydaw. Uczelniane PK,
_c2000.
300 _a446 s. :
_bil. ;
_c24 cm.
504 _aBibliogr.
655 4 _aPodręczniki akademickie
650 4 _aMarketing
710 2 _aPolitechnika Koszalińska.
_bWydawnictwo Uczelniane.
_4pbl.
856 _uhttp://dlibra.tu.koszalin.pl/dlibra/docmetadata?id=257&from=&dirids=1&ver_id=&lp=2&QI=
_yBiblioteka Cyfrowa
942 _2UKD
_cKS
856 _uhttp://koha.tu.koszalin.pl/cgi-bin/koha/opac-detail.pl?biblionumber=37272
_yKatalog online BPK
999 _c37272
_d37272